Brünnl : wallfahrtskirche Maria Trost /

Hlavní autor: Štrejn, Zdeněk, 1920-2016
Další autoři: Hyhlík, Vladimír, 1925-2011, Chadraba, Rudolf, 1922-2011
Jazyk: Němčina
Vydáno: Velehrad : Historická společnost Starý Velehrad, 1992
Edice: Kirchliche Baudenkmäler
Témata:
Externí odkaz: Digitalizovaný dokument
Fyzický popis: 28 stran : barevné ilustrace ; 21 cm
Knihy
Uloženo v:
LEADER 01471nam a22003852i 4500
001 001530547
003 CZ BrMZK
005 20161012133942.0
007 ta
008 160609s1992 xr a er|||||||||||ger d
015 |a cnb000070899 
035 |a (OCoLC)39573021 
040 |a ABA001  |b cze  |d ABA001  |d BOA001  |e rda 
041 1 |a ger  |h cze 
080 9 |a 291 
080 9 |a 726 
100 1 |a Štrejn, Zdeněk,  |d 1920-2016  |7 jk01131527  |4 aut 
245 1 0 |a Brünnl :  |b wallfahrtskirche Maria Trost /  |c von Zdeněk Štrejn, Vladimír Hyhlík ; Übersetzung Rudolf Chadraba 
264 1 |a Velehrad :  |b Historická společnost Starý Velehrad,  |c 1992 
300 |a 28 stran :  |b barevné ilustrace ;  |c 21 cm 
336 |a text  |b txt  |2 rdacontent 
337 |a bez média  |b n  |2 rdamedia 
338 |a svazek  |b nc  |2 rdacarrier 
490 1 |a Kirchliche Baudenkmäler ;  |v Band 8 
500 |a Přeloženo z češtiny 
500 |a Dostupné též v digitální podobě v aplikaci Kramerius 
655 7 |a brožury  |7 fd131925  |2 czenas 
700 1 |a Hyhlík, Vladimír,  |d 1925-2011  |7 jk01043403  |4 aut 
700 1 |a Chadraba, Rudolf,  |d 1922-2011  |7 jk01050017  |4 trl 
830 0 |a Kirchliche Baudenkmäler 
856 4 1 |u http://www.digitalniknihovna.cz/mzk/uuid/uuid:7d6bf690-8a8e-11ed-a8bc-005056827e52  |y Digitalizovaný dokument  |x NDK 
910 |a BOA001  |b X-0982.334 
990 |a BK 
991 |b 201605 
996 6 |b 2619163955  |c X-0982.334  |l MZK  |r Sklad / do 24 hodin  |n 0  |w 001565511  |u 000010  |a 1  |e BOA001  |j MZK50  |s P